000
00254nam a22001097a 4500
008
170119b xxu||||| |||| 00| 0 eng d
020
_a
0721658946
041
_a
eng
080
_a
618.2
245
_a
ADVANCED NURSING PRACTICE
_c
SPROSS, J.A
942
_2
udc
_c
BK
999
_c
3194
_d
3194